1982 NHL All-Stars - Statistics

General Stats
  • This quiz has been taken 5 times
  • The average score is 10 of 40
Answer Stats
Position/Conference Answer Team % Correct
Wales Centre Bryan Trottier New York Islanders
100%
Campbell Left Winger Mark Messier Edmonton Oilers
100%
Wales Right Winger Mike Bossy New York Islanders
100%
Campbell Defenceman Paul Coffey Edmonton Oilers
100%
Campbell Centre Wayne Gretzky Edmonton Oilers
100%
Campbell Goaltender Grant Fuhr Edmonton Oilers
80%
Wales Defenceman Ray Bourque Boston Bruins
80%
Campbell Centre Dale Hawerchuk Winnipeg Jets
60%
Wales Centre Dennis Maruk Washington Capitals
40%
Wales Left Winger Bill Barber Philadelphia Flyers
20%
Wales Left Winger Blaine Stoughton Hartford Whalers
20%
Campbell Centre Bobby Smith Minnesota North Stars
20%
Campbell Right Winger Dave Taylor Los Angeles Kings
20%
Campbell Right Winger Dino Ciccarelli Minnesota North Stars
20%
Campbell Right Winger John Ogrodnick Detroit Red Wings
20%
Wales Defenceman Larry Robinson Montreal Canadiens
20%
Wales Defenceman Mike Ramsey Buffalo Sabres
20%
Wales Centre Peter Stastny Quebec Nordiques
20%
Campbell Right Winger Rick Vaive Toronto Maple Leafs
20%
Campbell Left Winger Al Secord Chicago Black Hawks
0%
Wales Defenceman Barry Beck New York Rangers
0%
Campbell Defenceman Bob Manno Toronto Maple Leafs
0%
Wales Left Winger Brian Propp Philadelphia Flyers
0%
Campbell Left Winger Brian Sutter St. Louis Blues
0%
Campbell Defenceman Craig Hartsburg Minnesota North Stars
0%
Campbell Centre Denis Savard Chicago Black Hawks
0%
Wales Goaltender Don Edwards Buffalo Sabres
0%
Campbell Centre Don Lever Colorado Rockies
0%
Campbell Defenceman Doug Wilson Chicago Black Hawks
0%
Campbell Goaltender Gilles Meloche Minnesota North Stars
0%
Campbell Defenceman Harold Snepsts Vancouver Canucks
0%
Wales Left Winger John Tonelli New York Islanders
0%
Wales Centre Keith Acton Montreal Canadiens
0%
Wales Left Winger Marc Tardif Quebec Nordiques
0%
Wales Goaltender Michel Dion Pittsburgh Penguins
0%
Campbell Defenceman Pekka Rautakallio Calgary Flames
0%
Wales Defenceman Randy Carlyle Pittsburgh Penguins
0%
Wales Right Winger Rick Middleton Boston Bruins
0%
Wales Defenceman Rod Langway Montreal Canadiens
0%
Wales Centre Ron Duguay New York Rangers
0%
No matching quizzes found
Score Distribution
Percent of People with Each Score
Percentile by Number Answered
Your Score History
You have not taken this quiz